[Event "Dresden ZMD op-B 21st"]
[Site "Dresden"]
[Date "2012.08.25"]
[Round "8"]
[White "Gerlach, Fabian"]
[Black "Schott, Viktor"]
[Result "1-0"]
[WhiteElo "1670"]
[BlackElo "1630"]
[PlyCount "41"]
[EventDate "2012.08.18"]
[EventType "swiss"]
[EventRounds "9"]
[EventCountry "GER"]
[SourceTitle "CBM 150 Extra"]
[Source "ChessBase"]
[SourceDate "2012.10.19"]
[SourceVersion "1"]
[SourceVersionDate "2012.10.19"]
[SourceQuality "1"]

1. e4 c5 2. Nc3 Nc6 3. f4 e6 4. Bc4 Na5 5. Be2 b6 6. Nf3 Bb7 7. d3 Ne7 8. 0-0 d5 9. Ng5 h6 10. Nh3 dxe4 11. dxe4 Ng6 12. f5 Qxd1 13. Rxd1 exf5 14. exf5 Nh4 15. Nb5 Ke7 16. g4 a6 17. Nc7 Rd8 18. Bf4 Rxd1+ 19. Rxd1 g5 20. Bd6+ Kf6 21. Ne8# 1-0

[Event "Dresden ZMD op-B 21st"]
[Site "Dresden"]
[Date "2012.08.22"]
[Round "5"]
[White "Biastoch, Bennet"]
[Black "Schott, Viktor"]
[Result "1-0"]
[WhiteElo "1536"]
[BlackElo "1630"]
[PlyCount "126"]
[EventDate "2012.08.18"]
[EventType "swiss"]
[EventRounds "9"]
[EventCountry "GER"]
[SourceTitle "CBM 150 Extra"]
[Source "ChessBase"]
[SourceDate "2012.10.19"]
[SourceVersion "1"]
[SourceVersionDate "2012.10.19"]
[SourceQuality "1"]

1. e4 d5 2. exd5 Qxd5 3. Nc3 Qa5 4. d4 Nf6 5. Bc4 Bg4 6. Nge2 e6 7. 0-0 c6 8. Bd2 Bd6 9. a3 Qc7 10. Kh1 Nbd7 11. b4 Nb6 12. Bd3 Bh5 13. h3 Nbd5 14. Qe1 Bg6 15. Nxd5 Nxd5 16. Bc4 Nf6 17. Rc1 0-0 18. Bb3 h6 19. Be3 a5 20. c4 axb4 21. c5 Be7 22. axb4 Ra3 23. Bc2 Be4 24. Ng3 Bd5 25. Qd2 Rfa8 26. Bxh6 Rxg3 27. fxg3 Qxg3 28. Bf4 Qxh3+ 29. Kg1 Qh4 30. Ra1 Rd8 31. Ra7 Ng4 32. Bd1 Bf6 33. Bxg4 Qxg4 34. Be5 Bg5 35. Bf4 Bh4 36. Rxb7 Be4 37. Ra1 Rxd4 38. Qb2 Bf6 39. Qf2 Rd8 40. Re1 Bd5 41. Qg3 Bd4+ 42. Kh2 Qh5+ 43. Qh3 Qg6 44. Rb8 Rxb8 45. Bxb8 Qc2 46. Be5 Qd2 47. Qg3 Bxe5 48. Rxe5 Qxb4 49. Rh5 Qb7 50. Qh4 f5 51. Rh7 Qb2 52. Rh8+ Kf7 53. Qg5 Qf6 54. Qh5+ g6 55. Rh7+ Ke8 56. Rh8+ Kf7 57. Qh6 Qe5+ 58. Kh3 Qc3+ 59. g3 Kf6 60. Rf8+ Ke7 61. Rg8 Bg2+ 62. Kh2 Qf6 63. Qh7+ Qf7 1-0

[Event "Dresden ZMD op-B 21st"]
[Site "Dresden"]
[Date "2012.08.19"]
[Round "2"]
[White "Schott, Viktor"]
[Black "Steinert, Frank"]
[Result "0-1"]
[WhiteElo "1630"]
[BlackElo "1919"]
[PlyCount "78"]
[EventDate "2012.08.18"]
[EventType "swiss"]
[EventRounds "9"]
[EventCountry "GER"]
[SourceTitle "CBM 150 Extra"]
[Source "ChessBase"]
[SourceDate "2012.10.19"]
[SourceVersion "1"]
[SourceVersionDate "2012.10.19"]
[SourceQuality "1"]

1. e4 e6 2. d4 d5 3. Nd2 Nf6 4. e5 Nfd7 5. Ngf3 c5 6. c3 Nc6 7. Nb3 cxd4 8. cxd4 a5 9. a4 Be7 10. Be2 0-0 11. 0-0 f6 12. exf6 Nxf6 13. Bd3 Bd6 14. Bg5 Qc7 15. Rc1 Ne4 16. Be3 Qf7 17. Ng5 Nxg5 18. Bxg5 e5 19. dxe5 Bxe5 20. Bb1 Be6 21. Nc5 Bf5 22. Nd3 Bd6 23. Bh4 Qg6 24. Bg3 Rad8 25. Ne1 Nb4 26. Nf3 Bxg3 27. hxg3 Bxb1 28. Rxb1 Qf6 29. Qe2 Nc6 30. Qb5 Rf7 31. Rfe1 Nd4 32. Re8+ Rxe8 33. Qxe8+ Rf8 34. Qd7 Nxf3+ 35. gxf3 Qxf3 36. Rf1 h5 37. Qxb7 h4 38. gxh4 Rf4 39. Rc1 Qxf2+ 0-1

[Event "Dresden ZMD op"]
[Site "Dresden"]
[Date "2010.07.15"]
[Round "6"]
[White "Schott, Viktor"]
[Black "Keeve, Martin"]
[Result "1/2-1/2"]
[WhiteElo "1773"]
[BlackElo "1912"]
[PlyCount "67"]
[EventDate "2010.07.10"]
[EventType "swiss"]
[EventRounds "9"]
[EventCountry "GER"]
[SourceTitle "CBM 137 Extra"]
[Source "ChessBase"]
[SourceDate "2010.09.01"]
[SourceVersion "1"]
[SourceVersionDate "2010.09.01"]
[SourceQuality "1"]

1. e4 e5 2. Nf3 Nc6 3. Nc3 Bc5 4. a3 d6 5. Na4 Bb6 6. Nxb6 axb6 7. Bc4 Nf6 8. d3 h6 9. 0-0 0-0 10. c3 Ne7 11. Qc2 Ng6 12. Kh1 Qe7 13. Ba2 Rd8 14. Be3 Bg4 15. Ng1 Re8 16. Rae1 Rad8 17. f3 Bc8 18. Ne2 Be6 19. Bb1 Qd7 20. f4 exf4 21. Nxf4 Nxf4 22. Bxf4 Ng4 23. d4 Bc4 24. Rf3 f5 25. h3 Nf6 26. e5 Bd5 27. Rff1 Ne4 28. Qc1 dxe5 29. dxe5 Qe6 30. Kg1 Re7 31. Rd1 Red7 32. Bxe4 Bxe4 33. Rxd7 Rxd7 34. Rd1 1/2-1/2